Les Applications Appartenant à Google - Statistiques

Statistiques générales
  • Ce quiz a été pris 68 fois
  • Le résultat moyen est 15 sur 30
Statistiques - réponses
Par images Réponse % Correct
Google
100%
Youtube
100%
Gmail
94%
Google Chrome
94%
Google Maps
94%
Youtube Kids
91%
Google Play
85%
Google Drive
79%
Google Traduction
76%
Android
74%
Google Photo
73%
Gemini
68%
Youtube Music
67%
Google Home
65%
Google Cloud
62%
Google Docs
58%
Google Message
56%
Google Agenda
48%
Google Meet
48%
Google Earth
39%
Google Contact
20%
Google Assistant
14%
Gboard
12%
Google Play Games
8%
Youtube Studio
8%
Google Analytics
6%
Calculator
5%
Google Family Link
3%
Google Ads
2%
Calculator Gamer Pro
0%
Aucun quiz correspondant
Distribution des résultats
% des personnes avec chaque résultat
Percentile par nombre de réponses
Votre historique - résultats
Vous n’avez pas pris ce quiz